Colloidal drug delivery systems / (Record no. 21037)
[ view plain ]
| 000 -LEADER | |
|---|---|
| fixed length control field | 00880cam a22002775a 4500 |
| 001 - CONTROL NUMBER | |
| control field | 009564659 |
| 005 - DATE AND TIME OF LATEST TRANSACTION | |
| control field | 20151111103040.0 |
| 008 - FIXED-LENGTH DATA ELEMENTS--GENERAL INFORMATION | |
| fixed length control field | 940913t1994 nyua frb 001 0 eng d |
| 010 ## - LIBRARY OF CONGRESS CONTROL NUMBER | |
| LC control number | 94014913 |
| 020 ## - INTERNATIONAL STANDARD BOOK NUMBER | |
| International Standard Book Number | 0824792149 |
| 040 ## - CATALOGING SOURCE | |
| Original cataloging agency | Uk |
| Language of cataloging | eng |
| Transcribing agency | Uk |
| Modifying agency | EG-ScBUE |
| 082 04 - DEWEY DECIMAL CLASSIFICATION NUMBER | |
| Classification number | 615.6 |
| Item number | COL |
| Edition number | 22 |
| 245 00 - TITLE STATEMENT | |
| Title | Colloidal drug delivery systems / |
| Statement of responsibility, etc | edited by Jörg Kreuter. |
| 260 ## - PUBLICATION, DISTRIBUTION, ETC. (IMPRINT) | |
| Place of publication, distribution, etc | New York : |
| Name of publisher, distributor, etc | Marcel Dekker, |
| Date of publication, distribution, etc | c.1994. |
| 300 ## - PHYSICAL DESCRIPTION | |
| Extent | vii, 353 p. : |
| Other physical details | ill. ; |
| Dimensions | 24 cm. |
| 490 0# - Series Statement | |
| Series statement | Drugs and the pharmaceutical sciences ; |
| Volume/sequential designation | v. 66 |
| 500 ## - GENERAL NOTE | |
| General note | Index : p. 343-353. |
| 504 ## - BIBLIOGRAPHY, ETC. NOTE | |
| Bibliography, etc | Includes bibliographical references.<br/> |
| 650 #0 - SUBJECT ADDED ENTRY--TOPICAL TERM | |
| Topical term or geographic name as entry element | Drug delivery systems. |
| Source of heading or term | BUEsh |
| 9 (RLIN) | 36090 |
| 650 #0 - SUBJECT ADDED ENTRY--TOPICAL TERM | |
| Topical term or geographic name as entry element | Colloids in medicine. |
| Source of heading or term | BUEsh |
| 651 ## - SUBJECT ADDED ENTRY--GEOGRAPHIC NAME | |
| Source of heading or term | BUEsh |
| 653 ## - INDEX TERM--UNCONTROLLED | |
| Resource For college | Pharmacy |
| Arrived date list | November2015 |
| 655 ## - INDEX TERM--GENRE/FORM | |
| Form subdivision | Reading book |
| -- | 34232 |
| 700 1# - ADDED ENTRY--PERSONAL NAME | |
| Personal name | Kreuter, Jörg, |
| Dates associated with a name | 1948-, |
| Relator term | editor. |
| 942 ## - ADDED ENTRY ELEMENTS (KOHA) | |
| Source of classification or shelving scheme | Dewey Decimal Classification |
| Call number prefix | 615.6 COL |
| Withdrawn status | Item status | Source of classification or shelving scheme | Damaged status | Not for loan | Vendor | Home library | Current library | Shelving location | Date acquired | Source of acquisition | Cost, normal purchase price | Total Checkouts | Full call number | Barcode | Date last seen | Cost, replacement price | Koha item type |
|---|---|---|---|---|---|---|---|---|---|---|---|---|---|---|---|---|---|
| Dewey Decimal Classification | Baccah | Central Library | Central Library | First floor | 11/11/2015 | Purchase | 1350.00 | 615.6 COL | 000031300 | 15/07/2025 | 1687.50 | Book - Borrowing |